[Event "Dubai op-A 24th"]
[Site "Dubai"]
[Date "2024.05.28"]
[Round "4"]
[White "Dimakiling, Oliver"]
[Black "Sadhwani, Raunak"]
[Result "0-1"]
[WhiteElo "2425"]
[BlackElo "2654"]
[PlyCount "80"]
[EventDate "2024.05.25"]
[EventType "swiss"]
[EventRounds "9"]
[EventCountry "UAE"]
[SourceTitle "CBM 220 Extra"]
[Source "ChessBase"]
[SourceDate "2024.07.31"]
[SourceVersion "1"]
[SourceVersionDate "2024.07.31"]
[SourceQuality "1"]

1. Nf3 Nf6 2. d4 g6 3. g3 Bg7 4. Bg2 0-0 5. 0-0 d6 6. Re1 Nbd7 7. e4 e5 8. Nc3 c6 9. a4 Qc7 10. a5 exd4 11. Nxd4 a6 12. h3 Re8 13. Bf4 Ne5 14. g4 h5 15. g5 Nh7 16. Bc1 b5 17. axb6 Qxb6 18. Nb3 Be6 19. Be3 Qb8 20. Na5 Qxb2 21. Na4 Qb5 22. Nb6 Rab8 23. c4 Qb4 24. Qb1 c5 25. Qxb4 cxb4 26. Red1 Nxg5 27. Rab1 Nxh3+ 28. Kf1 Ng4 29. Rxd6 Bf8 30. Rc6 Nhxf2 31. Bxf2 Nxf2 32. Nd5 Ng4 33. Rxa6 Bxd5 34. cxd5 Ne3+ 35. Kf2 Nxg2 36. Kxg2 Rxe4 37. d6 Rd4 38. Nc6 Rd2+ 39. Kf3 Re8 40. Nxb4 Bxd6 0-1

[Event "Dubai op-A 24th"]
[Site "Dubai"]
[Date "2024.05.26"]
[Round "2"]
[White "Dimakiling, Oliver"]
[Black "Safarli, Eltaj"]
[Result "1-0"]
[WhiteElo "2425"]
[BlackElo "2594"]
[PlyCount "141"]
[EventDate "2024.05.25"]
[EventType "swiss"]
[EventRounds "9"]
[EventCountry "UAE"]
[SourceTitle "CBM 220 Extra"]
[Source "ChessBase"]
[SourceDate "2024.07.31"]
[SourceVersion "1"]
[SourceVersionDate "2024.07.31"]
[SourceQuality "1"]

1. d4 Nf6 2. Nf3 g6 3. Nbd2 d5 4. e3 Bg7 5. b4 0-0 6. Bb2 a5 7. a3 Bf5 8. b5 c5 9. c4 cxd4 10. exd4 Ne4 11. Be2 Nxd2 12. Nxd2 Nd7 13. 0-0 dxc4 14. Nxc4 Nb6 15. Ne5 Be4 16. Rc1 Qd5 17. Rc5 Qa2 18. Qa1 Qxa1 19. Bxa1 Rfd8 20. f3 Bd5 21. Kf2 Be6 22. f4 f6 23. Nf3 Bd5 24. g4 e6 25. f5 Bf8 26. fxe6 Bxe6 27. g5 f5 28. h4 Nd5 29. Re1 Nf4 30. Bf1 Rac8 31. Rc3 Bd5 32. Ne5 Rxc3 33. Bxc3 Rc8 34. Bxa5 Bxa3 35. Nd7 Rc2+ 36. Kg1 Kf7 37. Ne5+ Kg7 38. Bd8 Nh5 39. Re2 Rc1 40. Kf2 Bd6 41. Rb2 Rc8 42. Ba5 Nf4 43. Bb4 Bxb4 44. Rxb4 Rc3 45. b6 Be6 46. Rb5 Rc2+ 47. Ke3 Nd5+ 48. Kd3 Rf2 49. Be2 Nf4+ 50. Ke3 Rxe2+ 51. Kxf4 Re4+ 52. Kg3 Rxd4 53. Rc5 Kf8 54. Rc7 Re4 55. Nc6 Bd5 56. Nb8 Rg4+ 57. Kh3 Rb4 58. Nd7+ Ke7 59. Nf6+ Ke6 60. Re7+ Kxe7 61. Nxd5+ Kd6 62. Nxb4 Kc5 63. Nd3+ Kxb6 64. h5 gxh5 65. Kh4 Kb5 66. Kxh5 Kc4 67. Ne5+ Kc3 68. Kh6 b5 69. Kxh7 b4 70. g6 b3 71. Nc4 1-0

[Event "Dubai op-A 24th"]
[Site "Dubai"]
[Date "2024.05.25"]
[Round "1"]
[White "Ali, Abdulaziz"]
[Black "Dimakiling, Oliver"]
[Result "0-1"]
[WhiteElo "1995"]
[BlackElo "2425"]
[PlyCount "114"]
[EventDate "2024.05.25"]
[EventType "swiss"]
[EventRounds "9"]
[EventCountry "UAE"]
[SourceTitle "CBM 220 Extra"]
[Source "ChessBase"]
[SourceDate "2024.07.31"]
[SourceVersion "1"]
[SourceVersionDate "2024.07.31"]
[SourceQuality "1"]

1. e4 e5 2. Nf3 Nc6 3. Bb5 a6 4. Ba4 Nf6 5. 0-0 d6 6. c3 Nxe4 7. d4 b5 8. Bb3 d5 9. dxe5 Be6 10. Nbd2 Nc5 11. Bc2 Bg4 12. Re1 Be7 13. h3 Bh5 14. Nb3 Ne6 15. g4 Bg6 16. Nfd4 Ncxd4 17. Nxd4 Nxd4 18. cxd4 0-0 19. f4 Be4 20. Rxe4 dxe4 21. Bxe4 Rb8 22. Be3 g6 23. Qc2 Bb4 24. f5 Qh4 25. Kg2 Be1 26. Rxe1 Qxe1 27. Bf2 Qb4 28. a3 Qc4 29. Qd2 Rb6 30. f6 Kh8 31. Bf3 Re6 32. Qe3 c6 33. b4 Rfe8 34. Qh6 Rg8 35. Qe3 Ree8 36. h4 Qe6 37. Qc1 Rc8 38. Qe3 Qd7 39. Be1 Rcd8 40. Bf2 Rde8 41. Qc1 Re6 42. Kh2 Qd8 43. Kh3 a5 44. Bxc6 axb4 45. axb4 Qc8 46. d5 Rxe5 47. Qf4 Re2 48. Bc5 Qa6 49. Bf2 Rc2 50. Bg3 Qa1 51. Qf3 Rc3 52. Qf2 h5 53. Bb7 Qh1+ 54. Qh2 Qf1+ 55. Qg2 hxg4+ 56. Kh2 Qf5 57. Kg1 Rc1+ 0-1

[Event "Sharjah Blitz"]
[Site "Sharjah"]
[Date "2023.03.28"]
[Round "5"]
[White "Saeed, Ishaq"]
[Black "Dimakiling, Oliver"]
[Result "0-1"]
[WhiteElo "2303"]
[BlackElo "2419"]
[PlyCount "68"]
[EventDate "2023.03.28"]
[EventType "swiss (blitz)"]
[EventRounds "9"]
[EventCountry "UAE"]
[SourceTitle "CBM 213 Extra"]
[Source "ChessBase"]
[SourceDate "2023.05.31"]
[SourceVersion "1"]
[SourceVersionDate "2023.05.31"]
[SourceQuality "1"]

1. Nf3 Nf6 2. g3 c5 3. Bg2 Nc6 4. 0-0 g6 5. d3 Bg7 6. e4 d5 7. Nbd2 0-0 8. Re1 h6 9. h3 e5 10. c3 Be6 11. exd5 Nxd5 12. Nc4 Qc7 13. a4 Rad8 14. Qc2 Rfe8 15. a5 f5 16. Kh2 Bf7 17. Ra4 b5 18. axb6 axb6 19. Ra1 Ndb4 20. cxb4 Nxb4 21. Qa4 Nxd3 22. Re2 e4 23. Nh4 Rd4 24. b3 f4 25. Qb5 Re6 26. Ra8+ Kh7 27. Qa6 Nxc1 28. Ra7 Qd8 29. Rc2 Re7 30. Rxc1 e3 31. Nf3 exf2 32. Nxd4 fxg3+ 33. Kh1 Re1+ 34. Bf1 Qd5+ 0-1

[Event "Titled Tuesday intern op 19th Jul Late"]
[Site "Chess.com INT"]
[Date "2022.07.19"]
[Round "5"]
[White "Dimakiling, Oliver"]
[Black "Rios Escobar, Adan"]
[Result "1-0"]
[WhiteElo "2442"]
[BlackElo "2276"]
[PlyCount "123"]
[EventDate "2022.07.19"]
[EventType "swiss (blitz)"]
[EventRounds "11"]
[EventCountry "USA"]
[SourceTitle "EXT 2023"]
[Source "ChessBase"]
[SourceDate "2022.10.05"]
[SourceVersion "1"]
[SourceVersionDate "2022.10.05"]
[SourceQuality "1"]

1. e4 c5 2. Nf3 d6 3. Bb5+ Nd7 4. c3 Ngf6 5. d3 a6 6. Ba4 g6 7. 0-0 Bg7 8. Re1 0-0 9. Nbd2 b5 10. Bc2 Bb7 11. Nf1 Rc8 12. a4 e6 13. Ng3 Ne8 14. d4 cxd4 15. cxd4 Nb6 16. a5 Nc4 17. b4 h5 18. h3 Qc7 19. Bd3 Nf6 20. Ra2 Rfd8 21. Bg5 Rd7 22. Rc2 Nh7 23. Bc1 Qd8 24. d5 exd5 25. exd5 Ne5 26. Nxe5 dxe5 27. Rxc8 Qxc8 28. Nxh5 gxh5 29. Bxh7+ Kxh7 30. Qxh5+ Kg8 31. Bh6 Qc2 32. Bxg7 Qh7 33. Qxh7+ Kxh7 34. Bxe5 Bxd5 35. Kh2 Kg6 36. g4 Be6 37. f4 Rd2+ 38. Kg3 Rd3+ 39. Kh4 Bd5 40. f5+ Kh7 41. Rc1 Bg2 42. Bg3 Rd4 43. Rc7 Rxb4 44. Rxf7+ Kg8 45. Ra7 Ra4 46. Rxa6 b4 47. Rb6 Bd5 48. Be5 b3 49. Kg5 Rxa5 50. Kg6 Ra8 51. h4 Rc8 52. h5 Rc6+ 53. Rxc6 Bxc6 54. h6 Be8+ 55. Kf6 Kh7 56. g5 Bh5 57. Ke6 Bg4 58. Bg7 Bh3 59. g6+ Kg8 60. Bb2 Bg4 61. h7+ Kf8 62. h8Q# 1-0

[Event "Sharjah Masters 5th"]
[Site "Sharjah"]
[Date "2022.05.27"]
[Round "7"]
[White "Dimakiling, Oliver"]
[Black "Ivic, Velimir"]
[Result "1-0"]
[WhiteElo "2420"]
[BlackElo "2623"]
[PlyCount "107"]
[EventDate "2022.05.21"]
[EventType "swiss"]
[EventRounds "9"]
[EventCountry "UAE"]
[SourceTitle "CBM 208 Extra"]
[Source "ChessBase"]
[SourceDate "2022.07.31"]
[SourceVersion "1"]
[SourceVersionDate "2022.07.31"]
[SourceQuality "1"]

1. c4 Nf6 2. Nc3 e5 3. Nf3 Nc6 4. e3 Bb4 5. Qc2 Bxc3 6. Qxc3 Qe7 7. Be2 0-0 8. 0-0 d5 9. cxd5 Nxd5 10. Qb3 Nb6 11. d3 Be6 12. Qc2 a5 13. Bd2 f6 14. Rfc1 Rfd8 15. e4 Qf7 16. b3 Rd7 17. Be3 Rad8 18. Qb2 Nc8 19. Rxc6 bxc6 20. Qc3 Ne7 21. d4 exd4 22. Nxd4 Kh8 23. h3 f5 24. exf5 Bxf5 25. Nxc6 Nxc6 26. Qxc6 Rd6 27. Qc3 Be4 28. Qxa5 Rg6 29. Bg4 Bd5 30. Rc1 h5 31. Rxc7 Qe8 32. Rc5 Rgd6 33. Be2 Qg6 34. Bf1 Ra8 35. Qb5 Qe4 36. a4 Rad8 37. Qe2 Qg6 38. b4 Rf8 39. Kh2 Qf5 40. Qb2 Qd7 41. Qe5 Rf5 42. Rc8+ Qxc8 43. Qxd6 Qc2 44. Bd4 Qd2 45. Qd7 Qf4+ 46. g3 Qg5 47. Bxg7+ Kg8 48. Bd4 h4 49. Qc8+ Kf7 50. Qc7+ Kg8 51. gxh4 Qh6 52. Qd8+ Kf7 53. Qd7+ Kg6 54. h5+ 1-0

[Event "Sharjah Masters 5th"]
[Site "Sharjah"]
[Date "2022.05.22"]
[Round "2"]
[White "Dimakiling, Oliver"]
[Black "Jumabayev, Rinat"]
[Result "1-0"]
[WhiteElo "2420"]
[BlackElo "2628"]
[PlyCount "98"]
[EventDate "2022.05.21"]
[EventType "swiss"]
[EventRounds "9"]
[EventCountry "UAE"]
[SourceTitle "CBM 208 Extra"]
[Source "ChessBase"]
[SourceDate "2022.07.31"]
[SourceVersion "1"]
[SourceVersionDate "2022.07.31"]
[SourceQuality "1"]

1. Nf3 Nf6 2. d4 d5 3. c4 e6 4. Nc3 dxc4 5. e3 a6 6. a4 c5 7. Bxc4 Nc6 8. 0-0 Be7 9. Qe2 0-0 10. Rd1 Qc7 11. Bd2 Rd8 12. Be1 Bd7 13. d5 exd5 14. Nxd5 Nxd5 15. Bxd5 Be8 16. Qc4 b5 17. Qe4 Rac8 18. axb5 axb5 19. h4 b4 20. Rac1 h6 21. h5 Bf8 22. Ba2 Qe7 23. Qc2 Qf6 24. Nd2 Ne5 25. Bb1 g6 26. Ne4 Qb6 27. hxg6 fxg6 28. f4 Ng4 29. Qe2 Qe6 30. Rxd8 Rxd8 31. Nxc5 Bxc5 32. Rxc5 Qxe3+ 33. Qxe3 Nxe3 34. Ba2+ Bf7 35. Bxf7+ Kxf7 36. Bxb4 Rd1+ 37. Kf2 Nd5 38. Rc4 h5 39. Bc3 Ke6 40. Ke2 Rg1 41. Re4+ Kd7 42. Kf2 Rc1 43. Be5 Rc2+ 44. Kf3 Rc1 45. Ra4 Ke6 46. Ra6+ Kf7 47. Ke4 Ne7 48. Rf6+ Ke8 49. Bd6 Rc2 1-0

[Event "Sharjah Masters 5th"]
[Site "Sharjah"]
[Date "2022.05.21"]
[Round "1"]
[White "Sadhwani, Raunak"]
[Black "Dimakiling, Oliver"]
[Result "1-0"]
[WhiteElo "2619"]
[BlackElo "2420"]
[PlyCount "53"]
[EventDate "2022.05.21"]
[EventType "swiss"]
[EventRounds "9"]
[EventCountry "UAE"]
[SourceTitle "CBM 208 Extra"]
[Source "ChessBase"]
[SourceDate "2022.07.31"]
[SourceVersion "1"]
[SourceVersionDate "2022.07.31"]
[SourceQuality "1"]

1. c4 c6 2. Nf3 Nf6 3. d4 d5 4. e3 g6 5. Nc3 Bg7 6. Be2 0-0 7. 0-0 b6 8. b3 Bb7 9. Bb2 e6 10. Qc2 Nbd7 11. Rfd1 Qc7 12. a4 a5 13. Rac1 Rfc8 14. Qb1 Qb8 15. h3 c5 16. Nb5 Ne4 17. cxd5 exd5 18. Rc2 Re8 19. Nd2 Nxf2 20. Kxf2 Rxe3 21. Kxe3 Qg3+ 22. Nf3 Bh6+ 23. Kd3 Qf4 24. Bc1 Qe4+ 25. Kc3 Bg7 26. Kb2 c4 27. Ka2 1-0

[Event "Titled Tuesday intern op 10th May Late"]
[Site "Chess.com INT"]
[Date "2022.05.10"]
[Round "6"]
[White "Bluebaum, Matthias"]
[Black "Dimakiling, Oliver"]
[Result "1-0"]
[WhiteElo "2663"]
[BlackElo "2420"]
[PlyCount "87"]
[EventDate "2022.05.10"]
[EventType "swiss (blitz)"]
[EventRounds "11"]
[EventCountry "USA"]
[SourceTitle "CBM 208 Extra"]
[Source "ChessBase"]
[SourceDate "2022.07.31"]
[SourceVersion "1"]
[SourceVersionDate "2022.07.31"]
[SourceQuality "1"]

1. d4 Nf6 2. c4 d6 3. Nf3 Bf5 4. Nc3 h6 5. g3 c6 6. Bg2 Nbd7 7. 0-0 e5 8. Re1 Be7 9. e4 Bh7 10. h3 0-0 11. b3 Re8 12. Bb2 Bf8 13. Qd2 exd4 14. Nxd4 Nc5 15. f3 a5 16. Rad1 Qb6 17. Kh2 a4 18. Qc2 axb3 19. axb3 d5 20. Nf5 Bxf5 21. exf5 Rxe1 22. Rxe1 Qxb3 23. Qxb3 Nxb3 24. cxd5 cxd5 25. Rd1 d4 26. Nb5 Ra2 27. Bxd4 Nxd4 28. Nxd4 Nd5 29. Rd3 Bc5 30. Nb3 Ne3 31. Nxc5 Rxg2+ 32. Kh1 Re2 33. g4 b5 34. Rd8+ Kh7 35. Nd7 g5 36. Nf6+ Kg7 37. Nh5+ Kh7 38. Rf8 Re1+ 39. Kh2 Re2+ 40. Kg1 Nd5 41. Rxf7+ Kh8 42. Rd7 Re5 43. Rd8+ Kh7 44. Rxd5 1-0

[Event "Titled Tuesday intern op 10th May Late"]
[Site "Chess.com INT"]
[Date "2022.05.10"]
[Round "5"]
[White "Dimakiling, Oliver"]
[Black "Jacobson, Aaron"]
[Result "1-0"]
[WhiteElo "2420"]
[BlackElo "2275"]
[PlyCount "141"]
[EventDate "2022.05.10"]
[EventType "swiss (blitz)"]
[EventRounds "11"]
[EventCountry "USA"]
[SourceTitle "CBM 208 Extra"]
[Source "ChessBase"]
[SourceDate "2022.07.31"]
[SourceVersion "1"]
[SourceVersionDate "2022.07.31"]
[SourceQuality "1"]

1. c4 e5 2. Nc3 Nf6 3. g3 c6 4. Nf3 e4 5. Nd4 d5 6. cxd5 Bc5 7. Nb3 Bb6 8. dxc6 Nxc6 9. Bg2 Qe7 10. 0-0 h5 11. d3 e3 12. Bxe3 Bxe3 13. fxe3 Qxe3+ 14. Kh1 h4 15. Rf3 Qe7 16. gxh4 Ne5 17. Re3 Nfg4 18. Qg1 Nxe3 19. Qxe3 Ng4 20. Qxe7+ Kxe7 21. Nd5+ Kd8 22. Kg1 Rxh4 23. Rf1 f6 24. h3 Ne5 25. Nf4 Rb8 26. Nc5 b6 27. Nce6+ Bxe6 28. Nxe6+ Ke7 29. Nxg7 Rhh8 30. Nf5+ Kd7 31. d4 Nc4 32. b3 Na5 33. Ne3 Rbf8 34. Nd5 Ke6 35. e4 f5 36. Nf4+ Kd6 37. e5+ Ke7 38. Ng6+ Ke6 39. d5+ Kd7 40. Nxh8 Rxh8 41. Rxf5 Ke7 42. Rf6 Nb7 43. d6+ Nxd6 44. Rxd6 Rh5 45. Rd5 Ke6 46. Kh2 Rg5 47. h4 Rh5 48. Kg3 a5 49. Rb5 Rh8 50. Bh3+ Ke7 51. Rxb6 Rg8+ 52. Bg4 a4 53. bxa4 Ra8 54. Rb7+ Kf8 55. Bd7 Ke7 56. e6 Ra5 57. Rb4 Rf5 58. Rf4 Rc5 59. Kg4 Rc1 60. h5 Rg1+ 61. Kh4 Rh1+ 62. Kg5 Rg1+ 63. Rg4 Rh1 64. h6 Kf8 65. Kg6 Kg8 66. e7 Re1 67. e8Q+ Rxe8 68. Bxe8 Kh8 69. Rf4 Kg8 70. h7+ Kh8 71. Rf8# 1-0

[Event "Titled Tuesday intern op 10th May Late"]
[Site "Chess.com INT"]
[Date "2022.05.10"]
[Round "1"]
[White "Karas, Marek"]
[Black "Dimakiling, Oliver"]
[Result "0-1"]
[WhiteElo "2292"]
[BlackElo "2420"]
[PlyCount "74"]
[EventDate "2022.05.10"]
[EventType "swiss (blitz)"]
[EventRounds "11"]
[EventCountry "USA"]
[SourceTitle "CBM 208 Extra"]
[Source "ChessBase"]
[SourceDate "2022.07.31"]
[SourceVersion "1"]
[SourceVersionDate "2022.07.31"]
[SourceQuality "1"]

1. d4 Nf6 2. Bf4 d6 3. Nc3 c6 4. e4 Qb6 5. Rb1 Nbd7 6. Nf3 e6 7. Bd3 Be7 8. 0-0 Qc7 9. h3 e5 10. Bh2 0-0 11. Ne2 Re8 12. c4 Bf8 13. c5 exd4 14. cxd6 Bxd6 15. Nexd4 Bxh2+ 16. Nxh2 Nxe4 17. Re1 Ndf6 18. Qc2 Nd6 19. Rxe8+ Ndxe8 20. Re1 Bd7 21. Re7 Qd6 22. Rxd7 Qxd7 23. Nhf3 Rd8 24. Be2 g6 25. Nb3 b6 26. a4 c5 27. Bb5 Qd1+ 28. Qxd1 Rxd1+ 29. Kh2 Nd6 30. Ba6 Nfe4 31. Ne5 Nxf2 32. Nc6 Nf5 33. g4 Ne3 34. Nxa7 Ne4 35. Nc8 Rb1 36. Bd3 Rxb2+ 37. Kg1 Ng3 0-1

[Event "Titled Tuesday intern op 10th May Late"]
[Site "Chess.com INT"]
[Date "2022.05.10"]
[Round "11"]
[White "Sargsyan, Anna M"]
[Black "Dimakiling, Oliver"]
[Result "0-1"]
[WhiteElo "2378"]
[BlackElo "2420"]
[PlyCount "80"]
[EventDate "2022.05.10"]
[EventType "swiss (blitz)"]
[EventRounds "11"]
[EventCountry "USA"]
[SourceTitle "CBM 208 Extra"]
[Source "ChessBase"]
[SourceDate "2022.07.31"]
[SourceVersion "1"]
[SourceVersionDate "2022.07.31"]
[SourceQuality "1"]

1. d4 Nf6 2. c4 d6 3. g3 Bf5 4. Bg2 c6 5. Nc3 e5 6. e4 Bg6 7. Nge2 Be7 8. 0-0 0-0 9. f4 exf4 10. gxf4 Bh5 11. Qe1 Re8 12. Ng3 Bf8 13. Be3 Bg4 14. f5 Nh5 15. h3 Nxg3 16. Qxg3 Bh5 17. Rae1 f6 18. Kh1 Nd7 19. Bf4 Qe7 20. Rg1 a5 21. Qh4 Bf7 22. Bf3 Bxc4 23. Rg2 d5 24. b3 dxe4 25. Rxe4 Qf7 26. bxc4 Qxc4 27. Qe1 Rxe4 28. Nxe4 Re8 29. Qd2 Qf1+ 30. Kh2 Qxf3 31. Ng3 Nb6 32. Rf2 Qd5 33. Bc7 Nc4 34. Qd1 Ne3 35. Qd3 c5 36. Qb5 Qc6 37. Qxa5 cxd4 38. Bf4 Nd5 39. Nh5 Nxf4 40. Nxf4 Bd6 0-1

[Event "Titled Tuesday intern op 03rd May Late"]
[Site "Chess.com INT"]
[Date "2022.05.03"]
[Round "2"]
[White "Dimakiling, Oliver"]
[Black "Kohler, Aran"]
[Result "0-1"]
[WhiteElo "2420"]
[BlackElo "2121"]
[PlyCount "78"]
[EventDate "2022.05.03"]
[EventType "swiss (blitz)"]
[EventRounds "11"]
[EventCountry "USA"]
[SourceTitle "CBM 208 Extra"]
[Source "ChessBase"]
[SourceDate "2022.07.31"]
[SourceVersion "1"]
[SourceVersionDate "2022.07.31"]
[SourceQuality "1"]

1. e4 c6 2. d3 d5 3. Nd2 e5 4. Ngf3 Bd6 5. Be2 Ne7 6. 0-0 0-0 7. Re1 Ng6 8. Bf1 Re8 9. c3 Nd7 10. b4 a5 11. exd5 cxd5 12. b5 b6 13. a4 Bb7 14. c4 Bb4 15. Ba3 Bxa3 16. Rxa3 d4 17. Ne4 h6 18. Nd6 Bxf3 19. Qxf3 Rf8 20. Ra2 Nc5 21. Nf5 Qf6 22. g3 Rfe8 23. Bg2 Rad8 24. Rae2 e4 25. dxe4 d3 26. Rd2 Qc3 27. Qd1 Qxc4 28. Ne3 Qxa4 29. Qxa4 Nxa4 30. Nd5 Rxd5 31. Ra1 Rd4 32. f4 Nc5 33. Ra3 Nxe4 34. Bxe4 Rexe4 35. Raxd3 Rxd3 36. Rxd3 Rb4 37. Rd8+ Nf8 38. Rd7 Rxb5 39. Rb7 a4 0-1

[Event "Titled Tuesday intern op 03rd May Late"]
[Site "Chess.com INT"]
[Date "2022.05.03"]
[Round "6"]
[White "Dimakiling, Oliver"]
[Black "Reprintsev, Alexander"]
[Result "1-0"]
[WhiteElo "2420"]
[BlackElo "2353"]
[PlyCount "117"]
[EventDate "2022.05.03"]
[EventType "swiss (blitz)"]
[EventRounds "11"]
[EventCountry "USA"]
[SourceTitle "CBM 208 Extra"]
[Source "ChessBase"]
[SourceDate "2022.07.31"]
[SourceVersion "1"]
[SourceVersionDate "2022.07.31"]
[SourceQuality "1"]

1. c4 e5 2. Nc3 Nc6 3. g3 Bc5 4. Bg2 Nf6 5. a3 a5 6. Rb1 0-0 7. Nd5 a4 8. Nc3 e4 9. Nxa4 Ba7 10. Nc3 Ne5 11. Nxe4 Nxe4 12. Bxe4 Qf6 13. Nf3 Ng4 14. d4 Re8 15. Qd3 h6 16. Bf5 d5 17. Bxc8 Raxc8 18. cxd5 Qd6 19. 0-0 Qxd5 20. Bf4 c5 21. dxc5 Qxd3 22. exd3 Rxc5 23. h3 Nf6 24. Be3 Rf5 25. Bxa7 Rxf3 26. Rbd1 Nd5 27. Kg2 Rf5 28. Rfe1 Rd8 29. Be3 f6 30. d4 Nb6 31. Rc1 Rfd5 32. Rc7 R8d7 33. Rec1 Kf7 34. Kf3 Ke6 35. g4 g5 36. Ke4 R5d6 37. R1c5 Nd5 38. Rxd7 Rxd7 39. b4 Rd6 40. b5 Nb6 41. Rc7 Rd7 42. d5+ Rxd5 43. Bxb6 Re5+ 44. Kd3 Rxb5 45. Bd4 Rb3+ 46. Rc3 Rb1 47. Kc2 Rh1 48. Rb3 f5 49. gxf5+ Kxf5 50. Rxb7 Rxh3 51. Be3 Rh1 52. Kb2 h5 53. a4 Rd1 54. a5 Rd6 55. Rb6 Rd8 56. a6 h4 57. Rh6 Kg4 58. a7 h3 59. Kc3 1-0

[Event "Titled Tuesday intern op 03rd May Late"]
[Site "Chess.com INT"]
[Date "2022.05.03"]
[Round "5"]
[White "Wagner, Dinara"]
[Black "Dimakiling, Oliver"]
[Result "0-1"]
[WhiteElo "2321"]
[BlackElo "2420"]
[PlyCount "104"]
[EventDate "2022.05.03"]
[EventType "swiss (blitz)"]
[EventRounds "11"]
[EventCountry "USA"]
[SourceTitle "CBM 208 Extra"]
[Source "ChessBase"]
[SourceDate "2022.07.31"]
[SourceVersion "1"]
[SourceVersionDate "2022.07.31"]
[SourceQuality "1"]

1. d4 Nf6 2. c4 d6 3. Nf3 Bf5 4. Nc3 Nbd7 5. g3 c6 6. Bg2 h6 7. 0-0 e5 8. Re1 Be7 9. e4 Bh7 10. h3 0-0 11. Be3 Nxe4 12. Nxe4 Bxe4 13. dxe5 Bxf3 14. Qxf3 Nxe5 15. Qe2 Re8 16. Rad1 Qc7 17. b3 Bf8 18. Qc2 Re6 19. Bd4 Rae8 20. Qc3 Nd7 21. Rxe6 Rxe6 22. Kh2 a6 23. Rd2 Qd8 24. Qf3 Qe8 25. Bc3 Nc5 26. Qg4 Ne4 27. Bxe4 Rxe4 28. Qf3 Qe6 29. Kg2 f5 30. Bb2 Be7 31. Bc3 Bg5 32. Rc2 d5 33. cxd5 Qxd5 34. h4 Bxh4 35. Rd2 Qc5 36. gxh4 Rxh4 37. Rd7 Rg4+ 38. Kf1 b5 39. Rc7 b4 40. Bb2 Qb5+ 41. Ke1 Re4+ 42. Kd2 Qd5+ 43. Kc2 Qc5+ 44. Kd2 Qd5+ 45. Kc2 Rc4+ 46. bxc4 Qxf3 47. Rxg7+ Kf8 48. Rc7 Qxf2+ 49. Kb3 c5 50. Bg7+ Ke8 51. Bxh6 Qg3+ 52. Kb2 Qxc7 0-1

[Event "Titled Tuesday intern op 12th Apr Late"]
[Site "Chess.com INT"]
[Date "2022.04.12"]
[Round "11"]
[White "Xu, Yi"]
[Black "Dimakiling, Oliver"]
[Result "1-0"]
[WhiteElo "2507"]
[BlackElo "2420"]
[PlyCount "127"]
[EventDate "2022.04.12"]
[EventType "swiss (blitz)"]
[EventRounds "11"]
[EventCountry "USA"]
[SourceTitle "CBM 207 Extra"]
[Source "ChessBase"]
[SourceDate "2022.05.31"]
[SourceVersion "1"]
[SourceVersionDate "2022.05.31"]
[SourceQuality "1"]

1. e4 g6 2. d4 Bg7 3. Nc3 d6 4. f4 a6 5. Nf3 Bg4 6. Be2 Nc6 7. Be3 e5 8. fxe5 Bxf3 9. Bxf3 dxe5 10. d5 Nd4 11. 0-0 Ne7 12. Ne2 Nxf3+ 13. Rxf3 0-0 14. c4 b6 15. Nc3 f5 16. Qe2 f4 17. Bf2 g5 18. Rd3 Rf6 19. c5 bxc5 20. Bxc5 Nc8 21. Qg4 Rg6 22. Rad1 Nd6 23. Bxd6 cxd6 24. Na4 Qa5 25. b3 Qb4 26. Qe2 g4 27. Rc3 f3 28. Qc4 Qa3 29. Rc2 Rf8 30. g3 Bh6 31. Kf2 Bg5 32. Rh1 h5 33. h4 Bd8 34. Rd1 Rg7 35. Qxa6 Qb4 36. Rc4 Qb8 37. Rc8 Qb4 38. Rc4 Qa3 39. Rc2 Rc7 40. Qd3 Qb4 41. Rxc7 Bxc7 42. Rc1 Bb6+ 43. Kf1 f2 44. Qc4 Qd2 45. Nxb6 Qe3 46. Nd7 Qxg3 47. Nxf8 Qg1+ 48. Ke2 Qg2 49. Rf1 Qf3+ 50. Kd2 g3 51. Qe2 Qxf8 52. Qe3 Qg7 53. Ke2 Qg4+ 54. Qf3 Qxh4 55. Qg2 Kh7 56. a4 Qf4 57. a5 h4 58. a6 Qg4+ 59. Qf3 Qc8 60. Rh1 Qc2+ 61. Kf1 Qb1+ 62. Kg2 f1Q+ 63. Qxf1 Qa2+ 64. Kh3 1-0

[Event "Sharjah Blitz op 27th"]
[Site "Sharjah"]
[Date "2022.04.08"]
[Round "9"]
[White "Dimakiling, Oliver"]
[Black "Yakubboev, Nodirbek"]
[Result "1/2-1/2"]
[WhiteElo "2420"]
[BlackElo "2630"]
[PlyCount "45"]
[EventDate "2022.04.08"]
[EventType "swiss (blitz)"]
[EventRounds "9"]
[EventCountry "UAE"]
[SourceTitle "CBM 207 Extra"]
[Source "ChessBase"]
[SourceDate "2022.05.31"]
[SourceVersion "1"]
[SourceVersionDate "2022.05.31"]
[SourceQuality "1"]

1. c4 Nf6 2. Nc3 e5 3. g3 Bb4 4. Na4 c6 5. a3 Ba5 6. b4 Bc7 7. d3 d5 8. cxd5 cxd5 9. Nf3 Nc6 10. Bb2 0-0 11. Bg2 Re8 12. 0-0 Bd6 13. Rc1 Bg4 14. h3 Bh5 15. Nc5 Bxc5 16. Rxc5 Qd6 17. Nh4 Bg6 18. e4 dxe4 19. Nxg6 hxg6 20. dxe4 Qe7 21. Qc2 a6 22. b5 axb5 23. Rxb5 1/2-1/2

[Event "Sharjah Blitz op 27th"]
[Site "Sharjah"]
[Date "2022.04.08"]
[Round "8"]
[White "El Adnani, Mokliss"]
[Black "Dimakiling, Oliver"]
[Result "0-1"]
[WhiteElo "2406"]
[BlackElo "2420"]
[PlyCount "73"]
[EventDate "2022.04.08"]
[EventType "swiss (blitz)"]
[EventRounds "9"]
[EventCountry "UAE"]
[SourceTitle "CBM 207 Extra"]
[Source "ChessBase"]
[SourceDate "2022.05.31"]
[SourceVersion "1"]
[SourceVersionDate "2022.05.31"]
[SourceQuality "1"]

1. e4 c5 2. Nf3 Nc6 3. Bb5 Na5 4. c3 a6 5. Ba4 b5 6. Bc2 d6 7. h3 e5 8. d4 Qc7 9. 0-0 Nf6 10. Re1 Be7 11. Nbd2 0-0 12. Nf1 Re8 13. Ng3 Bf8 14. Bg5 Nd7 15. Nf5 Nc4 16. Rb1 cxd4 17. cxd4 Ndb6 18. Ne3 h6 19. Nxc4 Nxc4 20. Bc1 exd4 21. b3 Ne5 22. Nxd4 Bb7 23. Bb2 Rad8 24. Rc1 Qb8 25. f4 Ng6 26. Qg4 Bc8 27. Qg3 Qb6 28. Kh1 Be7 29. Nf5 Bxf5 30. exf5 Bh4 31. Rxe8+ Rxe8 32. Qg4 h5 33. Qf3 Re3 34. Qa8+ Nf8 35. Rd1 Qa5 36. Kh2 Bg3+ 37. Kg1 0-1

[Event "Sharjah Blitz op 27th"]
[Site "Sharjah"]
[Date "2022.04.08"]
[Round "2"]
[White "Mohammad Abdulrahman, Alawadhi"]
[Black "Dimakiling, Oliver"]
[Result "0-1"]
[WhiteElo "1371"]
[BlackElo "2420"]
[PlyCount "76"]
[EventDate "2022.04.08"]
[EventType "swiss (blitz)"]
[EventRounds "9"]
[EventCountry "UAE"]
[SourceTitle "CBM 207 Extra"]
[Source "ChessBase"]
[SourceDate "2022.05.31"]
[SourceVersion "1"]
[SourceVersionDate "2022.05.31"]
[SourceQuality "1"]

1. e4 c5 2. Nf3 Nc6 3. d4 cxd4 4. Nxd4 Nf6 5. Nc3 d6 6. f3 Bd7 7. Be3 a6 8. Qd2 Rc8 9. 0-0-0 Na5 10. g4 h6 11. h4 e6 12. Be2 Nc4 13. Bxc4 Rxc4 14. g5 Nh5 15. Nce2 g6 16. gxh6 Qc7 17. f4 Bxh6 18. c3 b5 19. f5 Bxe3 20. Qxe3 e5 21. fxg6 fxg6 22. Nf3 b4 23. Nd2 Rc6 24. c4 Be6 25. b3 a5 26. Kb2 a4 27. Rhg1 Bf7 28. Ng3 Nf4 29. Ne2 Ne6 30. Rdf1 Ra6 31. Qf3 axb3 32. axb3 Rxh4 33. Qf6 Rh2 34. Rxg6 Qa7 35. Qf3 Ra2+ 36. Kc1 Qa3+ 37. Kd1 Ra1+ 38. Nc1 Qxc1# 0-1